[Event "Alzira op 12th"]
[Site "Alzira"]
[Date "2022.12.30"]
[Round "7"]
[White "Ortiz Benavent, Alba"]
[Black "Lopez Juan, Miguel"]
[Result "1-0"]
[WhiteElo "1322"]
[BlackElo "1232"]
[PlyCount "85"]
[EventDate "2022.12.27"]
[EventType "swiss"]
[EventRounds "8"]
[EventCountry "ESP"]
[SourceTitle "CBM 212 Extra"]
[Source "ChessBase"]
[SourceDate "2023.03.31"]
[SourceVersion "1"]
[SourceVersionDate "2023.03.31"]
[SourceQuality "1"]

1. d4 d5 2. c4 e6 3. Nc3 Bb4 4. Bd2 Nf6 5. Qc2 Nc6 6. Nf3 b6 7. cxd5 exd5 8. h3 h6 9. a3 Bxc3 10. Qxc3 Bb7 11. Bf4 Ne4 12. Qc2 f6 13. e3 Qe7 14. Bb5 Qd7 15. Rc1 g5 16. Bh2 Nd6 17. Bxc6 Bxc6 18. Qxc6 Qxc6 19. Rxc6 0-0-0 20. Bxd6 Rxd6 21. Rxd6 cxd6 22. Ke2 Kd7 23. Rc1 h5 24. g4 h4 25. Nd2 Re8 26. Nf3 Re7 27. Ne1 Ke6 28. Rc6 Kd7 29. Rc1 Ke6 30. Nd3 Kd7 31. Nb4 Ke6 32. Kd2 a5 33. Nd3 Rb7 34. f4 Kd7 35. Rf1 Ke6 36. fxg5 b5 37. gxf6 Kf7 38. Nf4 Kxf6 39. Nxd5+ Ke6 40. Rf5 b4 41. a4 Rg7 42. Nf4+ Ke7 43. Rxa5 1-0